| 000 | 00438nam a22001577a 4500 | ||
|---|---|---|---|
| 005 | 20180101121738.0 | ||
| 008 | 180101b xxu||||| |||| 00| 0 eng d | ||
| 020 | _a96798401900 | ||
| 040 | _cPK-LaUMT | ||
| 082 |
_aPKAC 297.7409595 _bGHA-C |
||
| 100 | _aGhazali Basri | ||
| 245 |
_aChristian mission and Islamic dawah in Malaysia/ _cGhazali Basri |
||
| 260 |
_aKuala Lumpur: _bNurin enterprise, _c1990 |
||
| 300 | _a72 p. | ||
| 942 | _cBK | ||
| 999 |
_c101226 _d101226 |
||